|
|
|
|
| LEADER |
01367nam a2200301 u 4500 |
| 001 |
10076886 |
| 003 |
upatras |
| 005 |
20240201114421.0 |
| 008 |
090721s1997 f eng |
| 020 |
|
|
|a 9600212414
|
| 040 |
|
|
|a GR-PaULI
|c GR-PaULI
|
| 041 |
0 |
|
|a eng
|
| 082 |
0 |
4 |
|a 823.912
|
| 100 |
1 |
|
|a Woolf, Virginia,
|d 1882-1941
|9 4810
|
| 245 |
1 |
0 |
|a A society.
|b The lady in the looking - glass
|b The Duchess and the jeweiller
|b Lappin and Lapinova
|c Virginia Woolf; edited by Diana Kordas
|
| 260 |
|
|
|a Athens
|b Papazissis Publishers
|c 1997
|
| 300 |
|
|
|a 130 p.
|c 12 cm.
|
| 490 |
0 |
|
|a International Learning System.Intermediate Level : Senior
|
| 504 |
|
|
|a Includes index p. 115-130
|
| 505 |
0 |
|
|a Includes: The lady in the looking - glass. The Duchess and the jeweiller. Lappin and Lapinova
|
| 650 |
|
4 |
|a Αγγλική λογοτεχνία
|9 5051
|
| 700 |
1 |
|
|a Kordas, Diana
|4 edt
|9 77262
|
| 760 |
1 |
|
|a International Learning System.Intermediate Level
|
| 852 |
|
|
|a GR-PaULI
|b ΠΑΤΡΑ
|b ΦΙΛΟΛΟΓΙΑ
|k ΔΑΝΕΙΖ-6
|h 823.912 WOO
|m 003459
|p 025000104097
|t 1
|
| 942 |
|
|
|2 ddc
|
| 952 |
|
|
|0 0
|1 0
|2 ddc
|4 0
|6 823_912000000000000_WOO
|7 0
|9 79386
|a LISP
|b LISP
|c BSC
|d 2016-04-24
|i 003459
|l 3
|m 2
|o 823.912 WOO
|p 025000104097
|r 2019-04-03 00:00:00
|s 2019-03-14
|t 1
|w 2016-04-24
|y BK15
|x Μεταφορά Τμήματος Φιλολογίας
|
| 998 |
|
|
|c ELIDOC
|d 2009-07
|
| 999 |
|
|
|c 52742
|d 52742
|